Tres condicionantes político-ideológicos en la formulación de las políticas agrarias en Nicaragua /

Habla acerca de la política agraria del gobierno de Nicaragua y los problemas que se han presentado en los principales sectores productivos, las trabas y potencialidades que las fuerzas productivas disponibles presentan para el impulso del sector y los errores cometidos por la junta de gobierno nica...

Cur síos iomlán

Sábháilte in:
Sonraí bibleagrafaíochta
Príomhchruthaitheoir: Baumeister, Eduardo
Formáid: Téacs
Ábhair:
Clibeanna: Cuir clib leis
Níl clibeanna ann, Bí ar an gcéad duine le clib a chur leis an taifead seo!

MARC

LEADER 00000 a a2200000 04500
001 2179
003
040
100 |a Baumeister, Eduardo  
245 |a Tres condicionantes político-ideológicos en la formulación de las políticas agrarias en Nicaragua /  |c Eduardo Baumeister 
520 |a Habla acerca de la política agraria del gobierno de Nicaragua y los problemas que se han presentado en los principales sectores productivos, las trabas y potencialidades que las fuerzas productivas disponibles presentan para el impulso del sector y los errores cometidos por la junta de gobierno nicaragüense ante el cambio de economía. Se dan los logros alcanzados y el total de la producción agropecuaria durante 1981-1982 y 1986-1987. OB/EL  
650 |a POLITICA AGRARIA  
650 |a PAISES EN DESARROLLO  
650 |a POLITICA NACIONAL  
650 |a PRODUCCION AGROPECUARIA  
650 |a TASA DE INVERSION  
650 |a REVOLUCION  
650 |a IDEOLOGIAS  
650 |a SECTOR PUBLICO  
650 |a PAISES DESARROLLADOS  
650 |a MARXISMO  
650 |a PRODUCCION AGROPECUARIA  
650 |a INVERSIONES AGRICOLAS  
650 |a BIENES DE CAPITAL  
650 |a IMPORTACIONES  
650 |a VALOR AGREGADO  
650 |a MATERIAS PRIMAS  
650 |a EXPORTACIONES  
773 |g número 7; páginas 3-11  
999 |c 19847  |d 19847